O mundo é assim, Taubaté (Record no. 157686)
[ view plain ]
| 000 -LÍDER | |
|---|---|
| campo de controle de tamanho fixo | 00309nam a22001217a 4500 |
| 001 - NÚMERO DE CONTROLE | |
| campo de controle | 157686 |
| 005 - DATA E HORÁRIO DA ÚLTIMA TRANSAÇÃO | |
| campo de controle | 20240502200119.0 |
| 008 - CAMPO DE DADOS FIXOS--INFORMAÇÃO GERAL | |
| campo de controle de tamanho fixo | 240502b |||||||| |||| 00| 0 POR d |
| 040 ## - FONTE DA CATALOGAÇÃO | |
| Instituição que transcreveu o registro | O mundo é assim, Taubaté |
| 100 ## - ENTRADA PRINCIPAL--NOME PESSOAL | |
| Nome pessoal | Orígenes Lessa |
| 9 (RLIN) | 1356 |
| 245 ## - TÍTULO | |
| Título | O mundo é assim, Taubaté |
| 942 ## - ELEMENTOS DE ENTRADA ADICIONADOS (KOHA) | |
| Fonte da classificação ou esquema de arquivamento na estante | |
| Tipo de material Koha | Livros |
| Ocultar no OPAC | Não |
| Situação do descarte | Situação das perdas | Fonte da classificação ou esquema de arquivamento na estante | Situação física | Não pode ser emprestado | Biblioteca de origem | Biblioteca atual | Data de aquisição | Total de empréstimos | Código de barras | Data de último acesso | Data do preço efetivo | Tipo de material Koha | Nota pública |
|---|---|---|---|---|---|---|---|---|---|---|---|---|---|
| Classificação Decimal de Dewey | Novo Tempo - Aureliano São José | Novo Tempo - Aureliano São José | 02/05/2024 | nt78 | 02/05/2024 | 02/05/2024 | Livros | Estante Branca |